000 00383nam a2200121Ia 4500
008 190722s9999 xx 000 0 und d
020 _a978-81-207-6662-4
100 _aBill Schley
245 4 _aThe Marketing Poweer of Micro-Scripts (How to Differentiate Your business in a Sentence or Less)
260 _aNew Delhi
_bSterling Publishers (Pvt.) Ltd.
_c2012
300 _a176
942 _cBK
999 _c415
_d415